[Event "II Open Internacional Blitz Quart de Pob"]
[Site "Quart de Poblet, Spain"]
[Date "2019.08.10"]
[Round "6.9"]
[White "Fernandez Garcia, Leon"]
[Black "Cortes Marti, Javier"]
[Result "0-1"]
[WhiteElo "1644"]
[BlackElo "2011"]
[PlyCount "86"]
[EventDate "2019.??.??"]

1. d4 {[%clk 00:07:04]  [%emt 00:00:02]} 1... Nf6 {
[%clk 00:07:05]  [%emt 00:00:02]} 2. Nf3 {[%clk 00:07:04]  [%emt 00:00:02]}
2... d5 {[%clk 00:07:07]} 3. Bf4 {[%clk 00:07:04]  [%emt 00:00:02]} 3... e6 {
[%clk 00:07:04]  [%emt 00:00:07]} 4. e3 {[%clk 00:07:04]  [%emt 00:00:04]} 4...
Be7 {[%clk 00:07:05]  [%emt 00:00:02]} 5. Nbd2 {
[%clk 00:06:58]  [%emt 00:00:09]} 5... c5 {[%clk 00:06:59]  [%emt 00:00:09]} 6.
c3 {[%clk 00:06:58]  [%emt 00:00:02]} 6... Nc6 {
[%clk 00:07:01]  [%emt 00:00:02]} 7. Bd3 {[%clk 00:06:54]  [%emt 00:00:07]}
7... cxd4 {[%clk 00:07:01]  [%emt 00:00:03]} 8. cxd4 {
[%clk 00:06:54]  [%emt 00:00:03]} 8... O-O {[%clk 00:07:01]  [%emt 00:00:02]}
9. a3 {[%clk 00:06:46]  [%emt 00:00:11]} 9... b6 {
[%clk 00:07:03]  [%emt 00:00:02]} 10. O-O {[%clk 00:06:45]  [%emt 00:00:04]}
10... Bb7 {[%clk 00:07:05]  [%emt 00:00:01]} 11. Rc1 {
[%clk 00:06:17]  [%emt 00:00:31]} 11... Rc8 {[%clk 00:07:07]  [%emt 00:00:02]}
12. Ne5 {[%clk 00:05:32]  [%emt 00:00:48]} 12... h6 {
[%clk 00:06:27]  [%emt 00:00:43]} 13. Ndf3 {[%clk 00:05:23]  [%emt 00:00:12]}
13... Nh5 {[%clk 00:05:34]  [%emt 00:00:56]} 14. Nxc6 {
[%clk 00:04:22]  [%emt 00:01:03]} 14... Bxc6 {[%clk 00:05:35]} 15. Bg3 {
[%clk 00:03:51]  [%emt 00:00:35]} 15... Nxg3 {[%clk 00:05:35]  [%emt 00:00:04]}
16. hxg3 {[%clk 00:03:51]  [%emt 00:00:03]} 16... Bd6 {
[%clk 00:05:27]  [%emt 00:00:10]} 17. b4 {[%clk 00:03:15]  [%emt 00:00:40]}
17... Qe7 {[%clk 00:05:24]  [%emt 00:00:05]} 18. Ba6 {
[%clk 00:03:10]  [%emt 00:00:09]} 18... Rc7 {[%clk 00:05:26]  [%emt 00:00:02]}
19. Qb3 {[%clk 00:02:45]  [%emt 00:00:28]} 19... Bb7 {
[%clk 00:05:15]  [%emt 00:00:12]} 20. Bxb7 {[%clk 00:02:38]  [%emt 00:00:11]}
20... Rxb7 {[%clk 00:05:17]} 21. Rc2 {[%clk 00:02:39]  [%emt 00:00:02]} 21...
Rc7 {[%clk 00:05:20]} 22. Rfc1 {[%clk 00:02:40]} 22... Rfc8 {[%clk 00:05:22]}
23. Nd2 {[%clk 00:01:36]  [%emt 00:01:07]} 23... f5 {
[%clk 00:04:23]  [%emt 00:01:01]} 24. Nf3 {[%clk 00:01:09]  [%emt 00:00:31]}
24... b5 {[%clk 00:03:31]  [%emt 00:00:56]} 25. Ne1 {
[%clk 00:00:57]  [%emt 00:00:15]} 25... Rc4 {[%clk 00:03:24]  [%emt 00:00:10]}
26. Nd3 {[%clk 00:00:52]  [%emt 00:00:08]} 26... Qc7 {
[%clk 00:03:04]  [%emt 00:00:20]} 27. Nc5 {[%clk 00:00:46]  [%emt 00:00:12]}
27... Bxc5 {[%clk 00:03:05]  [%emt 00:00:03]} 28. bxc5 {
[%clk 00:00:40]  [%emt 00:00:08]} 28... Qc6 {[%clk 00:03:00]  [%emt 00:00:08]}
29. Rb1 {[%clk 00:00:26]  [%emt 00:00:18]} 29... a6 {
[%clk 00:03:01]  [%emt 00:00:02]} 30. Rxc4 {[%clk 00:00:18]  [%emt 00:00:11]}
30... dxc4 {[%clk 00:02:56]  [%emt 00:00:08]} 31. Qc3 {
[%clk 00:00:10]  [%emt 00:00:10]} 31... Ra8 {[%clk 00:02:18]  [%emt 00:00:39]}
32. a4 {[%clk 00:00:12]  [%emt 00:00:03]} 32... Kf7 {
[%clk 00:02:01]  [%emt 00:00:19]} 33. f3 {[%clk 00:00:09]  [%emt 00:00:07]}
33... g5 {[%clk 00:01:48]  [%emt 00:00:16]} 34. Kf2 {
[%clk 00:00:10]  [%emt 00:00:01]} 34... Kg6 {[%clk 00:01:48]  [%emt 00:00:03]}
35. Qa3 {[%clk 00:00:10]  [%emt 00:00:04]} 35... Rb8 {
[%clk 00:01:42]  [%emt 00:00:08]} 36. Qb4 {[%clk 00:00:07]  [%emt 00:00:06]}
36... h5 {[%clk 00:01:27]  [%emt 00:00:18]} 37. Qa5 {
[%clk 00:00:08]  [%emt 00:00:03]} 37... Rb7 {[%clk 00:01:19]  [%emt 00:00:11]}
38. axb5 {[%clk 00:00:09]  [%emt 00:00:02]} 38... axb5 {
[%clk 00:01:10]  [%emt 00:00:11]} 39. Qb4 {[%clk 00:00:05]  [%emt 00:00:07]}
39... Kf6 {[%clk 00:01:08]  [%emt 00:00:05]} 40. Ra1 {
[%clk 00:00:06]  [%emt 00:00:02]} 40... g4 {[%clk 00:00:46]  [%emt 00:00:24]}
41. Qc3 {[%clk 00:00:06]  [%emt 00:00:03]} 41... Kg6 {
[%clk 00:00:44]  [%emt 00:00:05]} 42. Rb1 {[%clk 00:00:07]  [%emt 00:00:03]}
42... Kf6 {[%emt 00:00:24]} 43. Rh1 Kg6 {[%emt 00:00:01]} 0-1

[Event "II Open Internacional Blitz Quart de Pob"]
[Site "Quart de Poblet, Spain"]
[Date "2019.08.10"]
[Round "7.1"]
[White "Toledano Llinares, Juan A"]
[Black "Kovacevic, Slobodan"]
[Result "0-1"]
[WhiteElo "2249"]
[BlackElo "2395"]
[PlyCount "114"]
[EventDate "2019.??.??"]

1. f4 {[%clk 00:07:04]  [%emt 00:00:06]} 1... Nf6 {
[%clk 00:07:02]  [%emt 00:00:09]} 2. Nf3 {[%clk 00:07:02]  [%emt 00:00:09]}
2... d5 {[%clk 00:07:04]} 3. e3 {[%clk 00:06:59]} 3... a6 {[%clk 00:07:05]} 4.
b3 {[%clk 00:06:53]  [%emt 00:00:07]} 4... c5 {[%clk 00:07:07]} 5. Bb2 {
[%clk 00:06:54]  [%emt 00:00:06]} 5... Nc6 {[%clk 00:07:08]} 6. Ne5 {
[%clk 00:06:52]  [%emt 00:00:09]} 6... Nxe5 {[%clk 00:07:05]  [%emt 00:00:05]}
7. Bxe5 {[%clk 00:06:53]} 7... Bg4 {[%clk 00:07:00]  [%emt 00:00:06]} 8. Be2 {
[%clk 00:06:55]} 8... Bxe2 {[%clk 00:07:02]  [%emt 00:00:06]} 9. Qxe2 {
[%clk 00:06:56]} 9... e6 {[%clk 00:07:04]} 10. O-O {
[%clk 00:06:49]  [%emt 00:00:13]} 10... Be7 {[%clk 00:07:06]} 11. d3 {
[%clk 00:06:47]  [%emt 00:00:05]} 11... O-O {[%clk 00:07:07]} 12. Nd2 {
[%clk 00:06:49]  [%emt 00:00:04]} 12... Rc8 {[%clk 00:07:08]} 13. e4 {
[%clk 00:06:35]  [%emt 00:00:14]} 13... Nd7 {[%clk 00:07:04]  [%emt 00:00:08]}
14. exd5 {[%clk 00:06:23]  [%emt 00:00:15]} 14... Nxe5 {
[%clk 00:06:57]  [%emt 00:00:09]} 15. fxe5 {[%clk 00:06:22]  [%emt 00:00:06]}
15... Qxd5 {[%clk 00:06:56]  [%emt 00:00:06]} 16. Qe4 {
[%clk 00:06:19]  [%emt 00:00:05]} 16... Qd7 {[%clk 00:06:47]  [%emt 00:00:09]}
17. Rf3 {[%clk 00:06:14]  [%emt 00:00:08]} 17... Qd4+ {
[%clk 00:06:47]  [%emt 00:00:06]} 18. Qxd4 {[%clk 00:06:12]  [%emt 00:00:06]}
18... cxd4 {[%clk 00:06:50]} 19. Rf2 {[%clk 00:02:50]  [%emt 00:03:22]} 19...
Rxc2 {[%clk 00:06:43]  [%emt 00:00:13]} 20. Nf3 {[%clk 00:02:52]} 20... Rc3 {
[%clk 00:06:38]  [%emt 00:00:05]} 21. Rd1 {[%clk 00:02:48]  [%emt 00:00:08]}
21... Rd8 {[%clk 00:06:32]  [%emt 00:00:08]} 22. Kf1 {
[%clk 00:02:43]  [%emt 00:00:09]} 22... h6 {[%clk 00:06:28]  [%emt 00:00:07]}
23. Re2 {[%clk 00:02:44]} 23... Bc5 {[%clk 00:06:20]  [%emt 00:00:13]} 24. Re4
{[%clk 00:02:32]  [%emt 00:00:14]} 24... Ba7 {[%clk 00:06:05]  [%emt 00:00:18]}
25. Ke2 {[%clk 00:02:29]  [%emt 00:00:10]} 25... b5 {
[%clk 00:05:53]  [%emt 00:00:11]} 26. h4 {[%clk 00:02:16]  [%emt 00:00:15]}
26... g6 {[%clk 00:05:54]  [%emt 00:00:05]} 27. g4 {[%clk 00:02:18]} 27... Kg7
{[%clk 00:05:46]  [%emt 00:00:10]} 28. Rf4 {[%clk 00:02:19]} 28... Rd7 {
[%clk 00:05:36]  [%emt 00:00:15]} 29. g5 {[%clk 00:02:16]  [%emt 00:00:07]}
29... h5 {[%clk 00:05:18]  [%emt 00:00:21]} 30. Rd2 {
[%clk 00:01:50]  [%emt 00:00:33]} 30... Rc1 {[%clk 00:05:14]  [%emt 00:00:04]}
31. Ne1 {[%clk 00:01:44]  [%emt 00:00:07]} 31... Bb6 {
[%clk 00:04:47]  [%emt 00:00:36]} 32. Rc2 {[%clk 00:01:44]} 32... Rxc2+ {
[%emt 00:00:17]} 33. Nxc2 {[%clk 00:01:45]} 33... Rd5 {
[%clk 00:04:31]  [%emt 00:00:04]} 34. Re4 {[%clk 00:01:31]  [%emt 00:00:17]}
34... Bc7 {[%clk 00:04:33]} 35. Rxd4 {[%clk 00:01:21]  [%emt 00:00:13]} 35...
Rxe5+ {[%clk 00:04:35]} 36. Kf3 {[%clk 00:01:15]  [%emt 00:00:12]} 36... Rf5+ {
[%clk 00:04:37]} 37. Ke2 {[%clk 00:01:11]  [%emt 00:00:09]} 37... Bg3 {
[%clk 00:04:33]  [%emt 00:00:07]} 38. Nb4 {[%clk 00:00:49]  [%emt 00:00:24]}
38... Rf2+ {[%clk 00:04:33]  [%emt 00:00:06]} 39. Kd1 {
[%clk 00:00:41]  [%emt 00:00:06]} 39... a5 {[%clk 00:04:24]  [%emt 00:00:12]}
40. Nc2 {[%clk 00:00:40]  [%emt 00:00:09]} 40... Rh2 {
[%clk 00:04:21]  [%emt 00:00:08]} 41. Rd7 {[%clk 00:00:37]  [%emt 00:00:05]}
41... Bxh4 {[%clk 00:04:20]} 42. Nd4 {[%clk 00:00:39]} 42... Kf8 {
[%clk 00:04:20]  [%emt 00:00:04]} 43. Nf3 {[%clk 00:00:35]  [%emt 00:00:09]}
43... Rh1+ {[%clk 00:04:12]  [%emt 00:00:15]} 44. Ke2 {[%clk 00:00:37]} 44...
Bg3 {[%clk 00:04:14]} 45. Rb7 {[%clk 00:00:33]  [%emt 00:00:05]} 45... b4 {
[%clk 00:04:13]  [%emt 00:00:04]} 46. Ra7 {[%clk 00:00:35]} 46... h4 {
[%clk 00:04:15]  [%emt 00:00:04]} 47. Rxa5 {[%clk 00:00:36]} 47... h3 {
[%clk 00:04:17]  [%emt 00:00:05]} 48. Ra8+ {[%clk 00:00:36]} 48... Kg7 {
[%clk 00:04:20]} 49. Ra4 {[%clk 00:00:36]} 49... h2 {
[%clk 00:04:20]  [%emt 00:00:05]} 50. Nxh2 {[%clk 00:00:37]  [%emt 00:00:04]}
50... Rxh2+ {[%clk 00:04:22]} 51. Kf3 {[%clk 00:00:39]} 51... Bd6 {
[%clk 00:04:22]  [%emt 00:00:04]} 52. Ra6 {[%clk 00:00:41]} 52... Bf8 {
[%clk 00:04:24]} 53. d4 {[%clk 00:00:43]} 53... Be7 {
[%clk 00:04:23]  [%emt 00:00:13]} 54. Kf4 {[%clk 00:00:43]} 54... Rf2+ {
[%clk 00:04:23]} 55. Kg3 {[%clk 00:00:44]} 55... Rd2 {
[%clk 00:04:24]  [%emt 00:00:04]} 56. Ra7 {[%clk 00:00:40]  [%emt 00:00:06]}
56... Bxg5 {[%clk 00:04:22]  [%emt 00:00:06]} 57. Rb7 {[%clk 00:00:42]} 57...
Rxd4 {[%clk 00:04:23]  [%emt 00:00:04]} 0-1

[Event "II Open Internacional Blitz Quart de Pob"]
[Site "Quart de Poblet, Spain"]
[Date "2019.08.10"]
[Round "7.2"]
[White "Plaskett, H James"]
[Black "Buenafe Moya, Javier"]
[Result "0-1"]
[WhiteElo "2474"]
[BlackElo "2117"]
[PlyCount "110"]
[EventDate "2019.??.??"]

1. d4 {[%clk 00:07:04]  [%emt 00:00:41]} 1... Nf6 {[%clk 00:07:04]} 2. c4 {
[%clk 00:07:05]} 2... e6 {[%clk 00:07:05]} 3. Nc3 {[%clk 00:07:08]} 3... Bb4 {
[%clk 00:07:06]} 4. Nf3 {[%clk 00:07:09]} 4... O-O {[%clk 00:07:06]} 5. Bg5 {
[%clk 00:06:58]} 5... d5 {[%clk 00:07:03]  [%emt 00:00:15]} 6. e3 {
[%clk 00:06:56]} 6... c5 {[%clk 00:06:25]  [%emt 00:00:37]} 7. cxd5 {
[%clk 00:06:39]  [%emt 00:00:08]} 7... exd5 {[%clk 00:06:26]  [%emt 00:00:15]}
8. Bd3 {[%clk 00:06:35]  [%emt 00:00:03]} 8... h6 {
[%clk 00:05:58]  [%emt 00:00:20]} 9. Bh4 {[%clk 00:06:24]  [%emt 00:00:26]}
9... g5 {[%clk 00:05:43]  [%emt 00:00:06]} 10. Bg3 {
[%clk 00:06:26]  [%emt 00:00:21]} 10... Ne4 {[%clk 00:05:45]} 11. Qc2 {
[%clk 00:05:43]  [%emt 00:00:27]} 11... Bf5 {[%clk 00:05:40]  [%emt 00:00:32]}
12. O-O {[%clk 00:05:26]  [%emt 00:00:04]} 12... Bxc3 {
[%clk 00:05:40]  [%emt 00:00:08]} 13. bxc3 {[%clk 00:05:27]} 13... c4 {
[%clk 00:05:30]  [%emt 00:00:03]} 14. Bxe4 {[%clk 00:05:28]  [%emt 00:00:04]}
14... Bxe4 {[%clk 00:05:31]  [%emt 00:00:14]} 15. Qb2 {[%clk 00:05:29]} 15...
Qb6 {[%clk 00:05:17]  [%emt 00:00:09]} 16. Qa3 {
[%clk 00:05:00]  [%emt 00:00:30]} 16... Nc6 {[%clk 00:04:43]  [%emt 00:00:34]}
17. Nd2 {[%clk 00:04:56]  [%emt 00:00:21]} 17... Bd3 {
[%clk 00:04:35]  [%emt 00:00:13]} 18. Rfe1 {[%clk 00:04:57]} 18... Rad8 {
[%clk 00:04:34]} 19. f3 {[%clk 00:03:35]  [%emt 00:01:15]} 19... Rd7 {
[%clk 00:03:41]  [%emt 00:00:59]} 20. e4 {[%clk 00:03:00]  [%emt 00:00:35]}
20... Qa5 {[%clk 00:03:34]  [%emt 00:00:11]} 21. Qc1 {
[%clk 00:02:38]  [%emt 00:00:25]} 21... b5 {[%clk 00:03:21]  [%emt 00:00:21]}
22. a3 {[%clk 00:02:38]} 22... Qb6 {[%clk 00:02:37]  [%emt 00:00:47]} 23. exd5
{[%clk 00:02:39]  [%emt 00:00:03]} 23... Rxd5 {[%clk 00:02:38]} 24. Ne4 {
[%clk 00:02:36]  [%emt 00:00:06]} 24... Qd8 {[%clk 00:01:49]  [%emt 00:01:05]}
25. Nc5 {[%clk 00:02:33]  [%emt 00:00:05]} 25... Bg6 {
[%clk 00:01:15]  [%emt 00:00:23]} 26. Qb2 {[%clk 00:02:32]  [%emt 00:00:21]}
26... Qb6 {[%clk 00:00:56]  [%emt 00:00:05]} 27. a4 {
[%clk 00:01:59]  [%emt 00:00:35]} 27... b4 {[%clk 00:00:40]  [%emt 00:00:19]}
28. cxb4 {[%clk 00:01:27]  [%emt 00:00:35]} 28... Qxb4 {
[%clk 00:00:40]  [%emt 00:00:10]} 29. Qxb4 {[%clk 00:00:41]  [%emt 00:00:48]}
29... Nxb4 {[%clk 00:00:41]  [%emt 00:00:03]} 30. Re7 {
[%clk 00:00:39]  [%emt 00:00:07]} 30... Nc2 {[%clk 00:00:19]  [%emt 00:00:17]}
31. Rc1 {[%clk 00:00:39]  [%emt 00:00:15]} 31... Rxd4 {
[%clk 00:00:14]  [%emt 00:00:04]} 32. Bf2 {[%clk 00:00:35]  [%emt 00:00:04]}
32... Rd5 {[%clk 00:00:09]  [%emt 00:00:07]} 33. Rxa7 {
[%clk 00:00:36]  [%emt 00:00:04]} 33... Rfd8 {[%clk 00:00:10]} 34. Kf1 {
[%clk 00:00:27]  [%emt 00:00:10]} 34... Bd3+ {[%clk 00:00:12]  [%emt 00:00:17]}
35. Nxd3 {[%clk 00:00:27]  [%emt 00:00:03]} 35... cxd3 36. Rd1 {[%clk 00:00:24]
} 36... f5 {[%clk 00:00:14]} 37. a5 {[%clk 00:00:24]} 37... f4 {
[%clk 00:00:11]  [%emt 00:00:03]} 38. Re7 {[%clk 00:00:25]  [%emt 00:00:07]}
38... Rxa5 {[%clk 00:00:12]} 39. Bb6 {[%clk 00:00:27]} 39... Rad5 {
[%clk 00:00:10]  [%emt 00:00:05]} 40. Bxd8 {[%clk 00:00:25]  [%emt 00:00:07]}
40... Ne3+ {[%clk 00:00:11]} 41. Ke1 {[%clk 00:00:27]  [%emt 00:00:07]} 41...
Nxd1 {[%clk 00:00:07]  [%emt 00:00:03]} 42. Kxd1 {[%clk 00:00:28]} 42... Rxd8 {
[%clk 00:00:10]} 43. Kd2 {[%clk 00:00:31]} 43... Rd6 {
[%clk 00:00:10]  [%emt 00:00:03]} 44. Re4 {[%clk 00:00:24]  [%emt 00:00:06]}
44... Kg7 {[%clk 00:00:11]  [%emt 00:00:21]} 45. h4 {[%clk 00:00:25]} 45... Kg6
{[%clk 00:00:12]} 46. hxg5 {[%clk 00:00:26]  [%emt 00:00:10]} 46... hxg5 {
[%clk 00:00:14]} 47. Re5 {[%clk 00:00:28]} 47... Kh5 {[%clk 00:00:14]} 48. Re1
{[%clk 00:00:15]  [%emt 00:00:07]} 48... Kh4 {[%clk 00:00:13]  [%emt 00:00:03]}
49. Rh1+ {[%clk 00:00:17]} 49... Kg3 {[%clk 00:00:15]} 50. Rh5 {[%clk 00:00:20]
} 50... Rd5 {[%clk 00:00:17]} 51. Rh1 {[%clk 00:00:17]  [%emt 00:00:08]} 51...
Kxg2 {[%clk 00:00:19]  [%emt 00:00:03]} 52. Ra1 {[%clk 00:00:19]} 52... Kxf3 {
[%clk 00:00:20]} 53. Rf1+ {[%clk 00:00:20]} 53... Kg2 {[%clk 00:00:22]} 54. Ra1
{[%clk 00:00:22]  [%emt 00:00:04]} 54... f3 {[%clk 00:00:24]} 55. Ra4 {
[%clk 00:00:23]  [%emt 00:00:07]} 55... f2 {[%clk 00:00:24]} 0-1

[Event "II Open Internacional Blitz Quart de Pob"]
[Site "Quart de Poblet, Spain"]
[Date "2019.08.10"]
[Round "7.3"]
[White "Granero Roca, Antonio"]
[Black "Diaz Velandia, Jose Manuel"]
[Result "1-0"]
[WhiteElo "2393"]
[BlackElo "2377"]
[PlyCount "125"]
[EventDate "2019.??.??"]

1. d4 {[%clk 00:07:04]} 1... Nf6 {[%clk 00:07:05]  [%emt 00:00:03]} 2. c4 {
[%clk 00:07:06]} 2... e6 {[%clk 00:06:42]  [%emt 00:00:24]} 3. Nf3 {
[%clk 00:07:08]} 3... b6 {[%clk 00:06:35]  [%emt 00:00:07]} 4. g3 {
[%clk 00:07:08]} 4... Bb7 {[%clk 00:06:36]  [%emt 00:00:15]} 5. Bg2 {
[%clk 00:07:10]} 5... Be7 {[%clk 00:06:37]} 6. O-O {[%clk 00:07:10]} 6... O-O {
[%clk 00:06:38]  [%emt 00:00:10]} 7. b3 {[%clk 00:07:06]} 7... d5 {
[%clk 00:06:36]} 8. Bb2 dxc4 {[%clk 00:06:31]} 9. bxc4 {[%clk 00:07:08]} 9...
Re8 {[%clk 00:05:51]  [%emt 00:00:17]} 10. Nc3 {
[%clk 00:07:09]  [%emt 00:00:42]} 10... Ne4 {[%clk 00:05:36]  [%emt 00:00:04]}
11. Qc2 {[%clk 00:06:53]  [%emt 00:00:03]} 11... Nxc3 {
[%clk 00:05:32]  [%emt 00:00:04]} 12. Bxc3 {[%clk 00:06:53]} 12... f5 {
[%clk 00:05:10]  [%emt 00:00:25]} 13. Rfd1 {[%clk 00:06:51]  [%emt 00:00:04]}
13... Be4 {[%clk 00:05:05]  [%emt 00:00:06]} 14. Qb3 {
[%clk 00:06:50]  [%emt 00:00:11]} 14... Bf6 {[%clk 00:04:59]  [%emt 00:00:04]}
15. d5 {[%clk 00:06:28]  [%emt 00:00:22]} 15... e5 {
[%clk 00:04:48]  [%emt 00:00:18]} 16. c5 {[%clk 00:05:56]  [%emt 00:00:33]}
16... bxc5 {[%clk 00:03:46]  [%emt 00:01:04]} 17. Nd2 {
[%clk 00:05:08]  [%emt 00:00:54]} 17... Bxg2 {[%clk 00:03:41]  [%emt 00:00:07]}
18. Kxg2 {[%clk 00:05:10]} 18... Kh8 {[%clk 00:03:27]  [%emt 00:00:19]} 19. e4
{[%clk 00:05:12]} 19... Qc8 {[%clk 00:03:01]  [%emt 00:00:32]} 20. Nc4 {
[%clk 00:04:50]  [%emt 00:00:21]} 20... fxe4 {[%clk 00:02:54]  [%emt 00:00:20]}
21. d6 {[%clk 00:04:49]} 21... Nd7 {[%clk 00:02:12]  [%emt 00:01:02]} 22. dxc7
{[%clk 00:04:39]  [%emt 00:00:08]} 22... Qxc7 {[%clk 00:01:40]  [%emt 00:00:17]
} 23. Nd6 {[%clk 00:04:41]  [%emt 00:00:37]} 23... Nb6 {[%clk 00:01:10]} 24.
Nxe8 {[%clk 00:03:27]  [%emt 00:01:14]} 24... Rxe8 {
[%clk 00:01:12]  [%emt 00:00:05]} 25. Qb5 {[%clk 00:03:20]  [%emt 00:00:35]}
25... Rf8 {[%clk 00:01:07]  [%emt 00:00:04]} 26. a4 {
[%clk 00:02:58]  [%emt 00:00:03]} 26... e3 {[%clk 00:01:05]  [%emt 00:00:04]}
27. f3 {[%clk 00:02:31]  [%emt 00:00:28]} 27... e4 {
[%clk 00:01:03]  [%emt 00:00:31]} 28. Bxf6 {[%clk 00:02:16]  [%emt 00:00:04]}
28... exf3+ {[%clk 00:01:04]} 29. Kxf3 {[%clk 00:01:55]  [%emt 00:00:14]} 29...
Qb7+ {[%clk 00:00:15]  [%emt 00:00:52]} 30. Kxe3 {
[%clk 00:01:42]  [%emt 00:00:15]} 30... gxf6 {[%clk 00:00:06]  [%emt 00:00:15]}
31. Kf2 {[%clk 00:01:44]} 31... Qe4 {[%clk 00:00:05]  [%emt 00:00:14]} 32. Qe2
{[%clk 00:01:36]  [%emt 00:00:03]} 32... Qf5+ {[%clk 00:00:06]  [%emt 00:00:04]
} 33. Kg1 {[%clk 00:01:33]  [%emt 00:00:14]} 33... Rf7 {[%clk 00:00:05]} 34. a5
{[%clk 00:01:28]  [%emt 00:00:04]} 34... Nd5 {[%clk 00:00:07]} 35. Qd3 {
[%clk 00:01:22]  [%emt 00:00:08]} 35... Qxd3 {[%clk 00:00:08]  [%emt 00:00:03]}
36. Rxd3 {[%clk 00:01:24]} 36... Nb4 {[%clk 00:00:08]  [%emt 00:00:04]} 37. Rc3
{[%clk 00:01:26]  [%emt 00:00:03]} 37... Na6 {[%clk 00:00:09]} 38. Rd1 {
[%clk 00:01:24]  [%emt 00:00:09]} 38... Rc7 {[%clk 00:00:07]} 39. Rd6 {
[%clk 00:01:24]  [%emt 00:00:07]} 39... Nb4 {[%clk 00:00:10]} 40. Rxf6 {
[%clk 00:01:20]  [%emt 00:00:04]} 40... Kg7 {[%clk 00:00:12]} 41. Rf4 {
[%clk 00:01:15]  [%emt 00:00:16]} 41... Nd5 {[%clk 00:00:07]} 42. Rg4+ {
[%clk 00:01:17]} 42... Kf6 {[%clk 00:00:09]} 43. Rd3 {
[%clk 00:01:03]  [%emt 00:00:47]} 43... Nb4 {[%clk 00:00:05]} 44. Rf4+ {
[%clk 00:00:56]  [%emt 00:00:03]} 44... Ke5 {[%clk 00:00:07]} 45. Rd1 {
[%clk 00:00:37]  [%emt 00:00:06]} 45... c4 {[%clk 00:00:06]  [%emt 00:00:05]}
46. Kg2 {[%clk 00:00:28]  [%emt 00:00:14]} 46... Nd3 {
[%clk 00:00:07]  [%emt 00:00:04]} 47. Rf8 {[%clk 00:00:25]  [%emt 00:00:03]}
47... Kd4 {[%clk 00:00:06]  [%emt 00:00:05]} 48. Rd8+ {
[%clk 00:00:23]  [%emt 00:00:05]} 48... Ke3 {[%clk 00:00:08]} 49. Re8+ {
[%clk 00:00:22]  [%emt 00:00:15]} 49... Kd4 {[%clk 00:00:10]} 50. h4 {
[%clk 00:00:20]} 50... Kc3 {[%clk 00:00:05]  [%emt 00:00:04]} 51. g4 {
[%clk 00:00:18]  [%emt 00:00:04]} 51... Kc2 {[%clk 00:00:08]} 52. Rf1 {
[%clk 00:00:17]  [%emt 00:00:05]} 52... c3 {[%clk 00:00:07]  [%emt 00:00:08]}
53. g5 {[%clk 00:00:15]  [%emt 00:00:03]} 53... Kb3 {[%clk 00:00:07]} 54. Rb8+
{[%clk 00:00:17]  [%emt 00:00:03]} 54... Kc4 {[%clk 00:00:07]  [%emt 00:00:04]}
55. a6 {[%clk 00:00:18]} 55... c2 {[%clk 00:00:07]  [%emt 00:00:04]} 56. Rb7 {
[%clk 00:00:20]} 56... Rc6 {[%clk 00:00:06]  [%emt 00:00:07]} 57. Rxa7 {
[%clk 00:00:21]  [%emt 00:00:06]} 57... c1=Q {[%clk 00:00:06]} 58. Rxc1+ {
[%clk 00:00:24]} 58... Nxc1 {[%clk 00:00:09]} 59. Rxh7 {[%clk 00:00:24]} 59...
Rxa6 {[%emt 00:00:07]} 60. Rc7+ {[%clk 00:00:26]} 60... Kd5 {
[%clk 00:00:07]  [%emt 00:00:03]} 61. Rxc1 {[%clk 00:00:28]} 61... Ke5 {
[%clk 00:00:06]  [%emt 00:00:03]} 62. Rf1 {[%clk 00:00:30]} 62... Ra3 {
[%clk 00:00:05]  [%emt 00:00:07]} 63. Rf3 {[%clk 00:00:31]} 1-0